000 00705nam a2200205Ia 4500
001 9199
003 GE_BSU
008 181216s||||||||xx |||||||||||||| ||und||
040 _cGE_BSU
080 _a821.353.1–32
100 _aლორთქიფანიძე,კონსტანტინე
245 _aბელორუსული მოთხრობები
245 _cრედ.ვ.კიკნაძე;მხატვ.ს.კეცხოველი
260 _aთბილისი
260 _bფედერაცია
260 _c1940
300 _a82გვ.ილ.22სმ.
653 _aბელორუსული მოთხრობები
942 _cBK
999 _c42502
_d42502